000 00587nam a2200229Ia 4500
003 OSt
005 20220924141607.0
006 a|||||r|||| 00| 0
007 ta
008 220923b |||||||| |||| 00| 0 ben d
024 _a298711
037 _cTextual
040 _aARTS
_cARTS
_bben
041 _2ben
_aben
082 _aO44,1(Y:351):g, 157J9
100 _aBhattacharya
245 0 _aBhartiya sahitye baramasya
260 _c1959
650 _aENGLISH LITERATURE
942 _hO44,1(Y:351):g, 157J9
_cTEXL
_2CC
999 _c447686
_d447686